Nemocnica v Revúcej

Salvato in:
Dettagli Bibliografici
Autore principale: Lešková, Jana (Autore)
Altri autori: Miklósiová, Terézia (Relatore della tesi)
Natura: Manoscritto Libro
Lingua:slovacco
Pubblicazione: 2016
Soggetti:
Accesso online:http://is.stuba.sk/zp/portal_zp.pl?podrobnosti=117511
https://opac.crzp.sk/?fn=detailBiblioForm&sid=41728D440EB1EF629116178922FE
Tags: Aggiungi Tag
Nessun Tag, puoi essere il primo ad aggiungerne!!

MARC

LEADER 00000ntm a22000003a 4500
001 stuzp56913
003 SK-STU
005 20230927133439.7
007 ta
008 150427s2015----xo-----f-mn---000-0-slo-d
040 |a STU  |b slo 
041 0 |a slo 
100 1 |a Lešková, Jana  |u 010180  |4 aut  |U SvF Stavebná fakulta  |T SvF Katedra konštrukcií pozemných stavieb  |X 39567  |U V180  |Y 18  |7 A000039567 
242 0 1 |a Hospital in Revuca  |y eng 
245 1 0 |a Nemocnica v Revúcej 
260 |c 2016 
650 4 |a Nemocnica  |2 slo 
650 4 |a ambulancia  |2 slo 
650 4 |a vegetačná strecha  |2 slo 
650 4 |a vegetation roof  |2 eng 
650 4 |a hospital  |2 eng 
650 4 |a ambulance  |2 eng 
700 1 |a Miklósiová, Terézia  |4 ths  |X 771  |7 A000000771 
856 4 |u http://is.stuba.sk/zp/portal_zp.pl?podrobnosti=117511 
856 4 |u https://opac.crzp.sk/?fn=detailBiblioForm&sid=41728D440EB1EF629116178922FE 
SQL |a stuzp56913  |b DDP  |c SLO  |d Nemocnica v Revúcej  |e 39567  |f Lešková, Jana  |g 010180  |h 771  |i Miklósiová, Terézia  |j 20160615  |k 8  |l 01  |m http://is.stuba.sk/zp/portal_zp.pl?podrobnosti=117511  |n I-AKP  |o 5.1.4. pozemné stavby